000 00496nam a2200181Ia 4500
008 230524s9999 xx 000 0 und d
020 _a8172248520
082 _a688.4
_bARM
100 _aMichael Armstrong
245 0 _aPerformance Management: A Strategic and Integrated Approach to Achieve Success
250 _aIST
260 _aNEW DELHI
_bJaico Publishing
_c2010
300 _aX;461
500 _aQuantity Number: 15
650 _aManagement
700 _a Angela Baron
942 _cBK
999 _c45740
_d45740